000 00713cam a22002294a 4500
001 13587935
005 20170515073020.0
008 170515s2004 nyu rb 001 0 eng
010 _a 2004049030
020 _a0312306482
020 _a9780312306489
040 _aCO-BoUCM
_bspa
_cSandra Palacio
_dSandra Palacio
041 0 _aeng
100 1 _aKeyes, Ralph
_985807
245 1 4 _aThe post-truth era
_bdishonesty and deception in contemporary life
_cRalph Keyes
260 _aNew York
_bSt. Martin's Press
_c2004
300 _aviii, 312 páginas
650 1 7 _aVerdad y mentira
_926158
650 2 7 _aÉtica
_9195
942 _2DEWEY
_cLIBRO
_a2
_e1
_h177.3
_mK445pt
999 _c306428
_d306428